Distorted World Map #3 - Statistics

General Stats
  • This quiz has been taken 29 times
  • The average score is 6 of 10
Answers on the Map
Answers color-coded by a green-red scale on the quiz's map according to % correct below.
 
Answer Stats
Answer % Correct
You found Jeppy!
92%
The Bahamas swapped with the Philippines
88%
The Philippines swapped with the Bahamas
88%
El Salvador is missing
68%
Norway has some land missing
64%
Togo is too long
64%
Brazil's coast is too smooth
32%
Turkmenistan is misshapen
32%
Nauru is too big
20%
Ecuador's Galápagos Islands are gone
12%
No matching quizzes found
Score Distribution
Percent of People with Each Score
Percentile by Number Answered
Your Score History
You have not taken this quiz